[Event "Tromsø Mars-sjakken NGP 2018"]
[Site "Veitasenteret 6.etasje"]
[Date "2018.03.17"]
[Round "4"]
[White "Vestby-Ellingsen, Mads"]
[Black "Kvisla, Johannes Luangtep"]
[Result "1/2-1/2"]
[WhiteElo "2194"]
[BlackElo "2231"]
[PlyCount "32"]
[EventDate "2018.??.??"]

1. d4 d5 2. c4 e6 3. Nc3 a6 4. cxd5 exd5 5. Bf4 c6 6. e3 Bd6 7. Bxd6 Qxd6 8.
Bd3 Ne7 9. Qe2 Nd7 10. Nf3 Nf6 11. O-O g6 12. Rab1 O-O 13. b4 b5 14. a4 Bf5 15.
Bxf5 Nxf5 16. Rfe1 Ne7
1/2-1/2

[Event "Tromsø Mars-sjakken NGP 2018"]
[Site "Veitasenteret 6.etasje"]
[Date "2018.03.17"]
[Round "4"]
[White "Lund, Gunnar"]
[Black "Machlik, Endre"]
[Result "1/2-1/2"]
[WhiteElo "2114"]
[BlackElo "2183"]
[PlyCount "55"]
[EventDate "2018.??.??"]

1. b3 e5 2. Bb2 Nc6 3. e3 d5 4. Bb5 Bd6 5. f4 Qe7 6. Nf3 Bg4 7. fxe5 Bxe5 8.
Bxe5 Bxf3 9. Qxf3 Qxe5 10. d4 Qd6 11. O-O Nf6 12. c4 a6 13. Bxc6+ bxc6 14. Nc3
O-O 15. Rac1 Rae8 16. Rc2 Ne4 17. Rfc1 f5 18. cxd5 cxd5 19. Nxe4 Rxe4 20. Rxc7
f4 21. Qg4 Qf6 22. R1c6 fxe3 23. Rxf6 Rxg4 24. Rxf8+ Kxf8 25. Rc3 Rxd4 26. Rxe3
Rd2 27. Rf3+ Ke7 28. Rf2
1/2-1/2

[Event "Tromsø Mars-sjakken NGP 2018"]
[Site "Veitasenteret 6.etasje"]
[Date "2018.03.17"]
[Round "4"]
[White "Remman, Frank"]
[Black "Hanssen, Gunnar Berg"]
[Result "0-1"]
[WhiteElo "1869"]
[BlackElo "2135"]
[PlyCount "98"]
[EventDate "2018.??.??"]

1. b3 d5 2. Bb2 c6 3. g3 Bf5 4. d3 Nd7 5. Nf3 h6 6. Nbd2 Ngf6 7. Bg2 e6 8. O-O
Be7 9. e4 Bh7 10. e5 Ng8 11. Qe2 Bc5 12. Kh1 Ne7 13. Nh4 O-O 14. f4 a5 15. a3
Ng6 16. Nhf3 Ne7 17. Nh4 Re8 18. Bh3 Nf8 19. Qh5 Bg6 20. Nxg6 fxg6 21. Qe2 Nf5
22. Bxf5 exf5 23. Nf3 Ne6 24. d4 Be7 25. c4 Kh7 26. Qd3 a4 27. b4 dxc4 28. Qxc4
Qd7 29. Rad1 Red8 30. Rf2 Qd5 31. Qxd5 Rxd5 32. Rfd2 Rad8 33. Kg2 g5 34. fxg5
Bxg5 35. Rd3 Be7 36. Ne1 g5 37. Nc2 f4 38. Bc1 b6 39. Kf3 c5 40. Ke4 fxg3 41.
hxg3 cxd4 42. Nxd4 Nxd4 43. Rxd4 Rxd4+ 44. Rxd4 Rxd4+ 45. Kxd4 h5 46. Kd5 h4
47. gxh4 gxh4 48. Ke6 h3 49. Bf4 Bxb4
0-1

[Event "Tromsø Mars-sjakken NGP 2018"]
[Site "Veitasenteret 6.etasje"]
[Date "2018.03.17"]
[Round "4"]
[White "Røyset, Pål"]
[Black "Berglund, Jan S."]
[Result "1-0"]
[WhiteElo "2281"]
[BlackElo "2042"]
[PlyCount "61"]
[EventDate "2018.??.??"]

1. e4 e6 2. d4 d5 3. exd5 exd5 4. Nf3 Bd6 5. c4 c6 6. Nc3 Ne7 7. Bd3 Nd7 8. O-O
dxc4 9. Bxc4 Nb6 10. Bb3 Nbd5 11. Ne5 O-O 12. Re1 f6 13. Nd3 Kh8 14. Qf3 Bd7
15. Nxd5 Nxd5 16. Bxd5 cxd5 17. Qxd5 Bc6 18. Qh5 Be8 19. Qh3 Bd7 20. Qh4 g5 21.
Qh5 Be8 22. Qd1 b6 23. Bd2 a5 24. Bc3 Qc7 25. d5 Bxh2+ 26. Kh1 Kg8 27. Re6 Bd6
28. Qf3 Bg6 29. Rae1 f5 30. Qe3 Bc5 31. Qxg5
1-0

[Event "Tromsø Mars-sjakken NGP 2018"]
[Site "Veitasenteret 6.etasje"]
[Date "2018.03.17"]
[Round "4"]
[White "Jæger, Frode Bull"]
[Black "Mikalsen, Bengt Arne"]
[Result "1-0"]
[WhiteElo "2107"]
[BlackElo "1762"]
[Annotator "RV-H"]
[PlyCount "92"]
[EventDate "2018.??.??"]

1. e4 e5 2. Nf3 Nc6 3. Bb5 a6 4. Bxc6 dxc6 5. O-O Bd6 6. d4 Bg4 7. dxe5 Bxf3 8.
Qxf3 Bxe5 9. Nd2 Qf6 10. Qb3 O-O-O 11. Nf3 Bf4 12. Be3 Bxe3 13. Qxe3 Kb8 14. e5
Qe7 15. Rad1 Nh6 16. Qg5 f6 17. exf6 Qxf6 18. Qxf6 gxf6 19. Rfe1 Rxd1 20. Rxd1
Kc8 21. Kf1 Re8 22. Re1 Rxe1+ 23. Kxe1 Kd7 24. Ke2 c5 25. h3 Ke6 26. Kd3 Nf7
27. Nd2 b6 28. f4 Nd6 29. g4 h6 30. Nc4 b5 31. Ne3 c4+ 32. Kd4 Nb7 33. Nf5 c5+
34. Ke4 b4 35. c3 a5 36. h4 a4 37. a3 Nd8 {(Uleselig noteringsskjema; forsøk
på rekonstruksjon.)} 38. cxb4 cxb4 39. axb4 c3 40. bxc3 h5 41. Nd4+ Kd7 42.
gxh5 Nf7 43. Kf5 Nd6+ 44. Kg6 a3 45. h6 a2 46. Nc2 Nc4 {(Uleselig
noteringsskjema. Ene går til 47 trekk (47. Se3 er oppført), andre til 48
trekk.))}
1-0

[Event "Tromsø Mars-sjakken NGP 2018"]
[Site "Veitasenteret 6.etasje"]
[Date "2018.03.17"]
[Round "4"]
[White "Schouten, Mathias Lind"]
[Black "Forså, Elise"]
[Result "0-1"]
[WhiteElo "1733"]
[BlackElo "1845"]
[PlyCount "74"]
[EventDate "2018.??.??"]

1. e4 c5 2. Nf3 e6 3. d4 cxd4 4. Nxd4 Nf6 5. Bd3 a6 6. O-O d6 7. Nc3 Be7 8. a4
b6 9. Be2 Bb7 10. Qd3 Nbd7 11. Nb3 Qc7 12. f4 Rc8 13. Bf3 O-O 14. Be3 Rfd8 15.
Qe2 Qb8 16. Rfd1 Qa8 17. Bf2 Rxc3 18. bxc3 Bxe4 19. Bxe4 Nxe4 20. Rd3 Rc8 21.
Qf3 Nxf2 22. Qxa8 Rxa8 23. Kxf2 Rc8 24. Ke3 Nf6 25. Kd2 Ne4+ 26. Kc1 Nxc3 27.
Kb2 Nd5 28. f5 Bf6+ 29. Nd4 e5 30. Ne2 e4+ 31. Rd4 Nf4 32. c3 Nxe2 33. Rxd6
Bxc3+ 34. Kb1 Bxa1 35. Kxa1 Rb8 36. a5 bxa5 37. Rxa6 Nc3
0-1

[Event "Tromsø Mars-sjakken NGP 2018"]
[Site "Veitasenteret 6.etasje"]
[Date "2018.03.17"]
[Round "5"]
[White "Remman, Frank"]
[Black "Røyset, Pål"]
[Result "0-1"]
[WhiteElo "1869"]
[BlackElo "2281"]
[PlyCount "68"]
[EventDate "2018.??.??"]

1. b3 e5 2. Bb2 Nc6 3. e3 g6 4. Bb5 Bg7 5. Bxc6 bxc6 6. d3 c5 7. Ne2 Bb7 8. O-O
f5 9. Nd2 Qg5 10. e4 Nh6 11. f4 Qe7 12. Bxe5 Bxe5 13. fxe5 O-O 14. exf5 Nxf5
15. Nc4 Rae8 16. Nf4 Qg5 17. Rf2 Nd4 18. g3 d6 19. exd6 Rxf4 20. Rxf4 Qd5 21.
Re4 Rxe4 22. dxe4 Qxe4 23. Qf1 Qh1+ 24. Kf2 Qf3+ 25. Ke1 Qc3+ 26. Kf2 Qxc2+ 27.
Ke3 Nf5+ 28. Kf4 Qe4+ 29. Kg5 h6+ 30. Kf6 Ng7 31. Ne5 Nh5+ 32. Ke6 Qd5+ 33. Kd7
Qxd6+ 34. Ke8 Ng7#
0-1

[Event "Tromsø Mars-sjakken NGP 2018"]
[Site "Veitasenteret 6.etasje"]
[Date "2018.03.17"]
[Round "5"]
[White "Kvisla, Johannes Luangtep"]
[Black "Hanssen, Gunnar Berg"]
[Result "1-0"]
[WhiteElo "2231"]
[BlackElo "2135"]
[PlyCount "63"]
[EventDate "2018.??.??"]

1. d4 d5 2. Bf4 c5 3. e3 cxd4 4. exd4 Nc6 5. c3 Nf6 6. Bd3 Bg4 7. Qb3 Qc8 8.
Nd2 e6 9. Ngf3 Be7 10. Ne5 Bh5 11. Ndf3 Nd7 12. Qa4 Ndxe5 13. Nxe5 O-O 14. Qc2
Bg6 15. Nxg6 hxg6 16. h4 e5 17. dxe5 Qg4 18. Bg3 Rfe8 19. Kf1 d4 20. h5 dxc3
21. hxg6 Nd4 22. gxf7+ Kxf7 23. Bc4+ Ne6 24. Qxc3 Rac8 25. Be2 Qg5 26. Qf3+ Kg8
27. Rd1 Red8 28. Rxd8+ Rxd8 29. Kg1 g6 30. Qb3 Qf5 31. Bc4 Kf7 32. Bxe6+
1-0

[Event "Tromsø Mars-sjakken NGP 2018"]
[Site "Veitasenteret 6.etasje"]
[Date "2018.03.17"]
[Round "5"]
[White "Machlik, Endre"]
[Black "Vestby-Ellingsen, Mads"]
[Result "0-1"]
[WhiteElo "2183"]
[BlackElo "2194"]
[PlyCount "48"]
[EventDate "2018.??.??"]

1. d4 Nf6 2. c4 g6 3. g3 Bg7 4. Bg2 O-O 5. Nc3 d6 6. Nf3 Nc6 7. O-O a6 8. Qd3
e5 9. dxe5 dxe5 10. Qxd8 Rxd8 11. Bg5 Be6 12. Nd2 Nd4 13. Bxb7 Rab8 14. Bxa6
Rxb2 15. c5 Ra8 16. Bd3 h6 17. Be3 Nc2 18. Rab1 Rxb1 19. Rxb1 Nxe3 20. fxe3 Bf8
21. c6 Bc5 22. Nf3 Bxe3+ 23. Kg2 Bb6 24. Nxe5 Bd4
0-1

[Event "Tromsø Mars-sjakken NGP 2018"]
[Site "Veitasenteret 6.etasje"]
[Date "2018.03.17"]
[Round "5"]
[White "Jæger, Frode Bull"]
[Black "Lund, Gunnar"]
[Result "1/2-1/2"]
[WhiteElo "2107"]
[BlackElo "2114"]
[Annotator "RV-H"]
[PlyCount "68"]
[EventDate "2018.??.??"]

1. e4 e5 2. Nf3 Nc6 3. Bb5 a6 4. Ba4 Nf6 5. O-O Be7 6. Re1 b5 7. Bb3 O-O 8. c3
d6 9. h3 Nb8 10. d4 Nbd7 11. Nbd2 Bb7 12. Bc2 Re8 13. Nf1 Bf8 14. Ng3 g6 15. a4
c5 16. d5 c4 17. Bg5 h6 18. Be3 Nc5 19. Bxc5 dxc5 20. Nf1 Qc7 21. N1d2 Rad8 22.
Qb1 Bc8 23. axb5 axb5 24. Qa2 h5 25. Qa7 Qd6 26. Qa3 Qb8 27. Qa7 Qd6 28. Qa3
Bd7 29. Qa6 Qe7 30. Qb7 Rb8 {(Relativt uleselige noteringsskjemaer; forsøk
på rekonstruksjon.)} 31. Qc7 Rbc8 32. Qb7 Rb8 33. Qc7 Rbc8 34. Qb7 Rb8
1/2-1/2

[Event "Tromsø Mars-sjakken NGP 2018"]
[Site "Veitasenteret 6.etasje"]
[Date "2018.03.17"]
[Round "5"]
[White "Berglund, Jan S."]
[Black "Schouten, Mathias Lind"]
[Result "1/2-1/2"]
[WhiteElo "2042"]
[BlackElo "1733"]
[PlyCount "59"]
[EventDate "2018.??.??"]

1. c4 Nf6 2. Nc3 g6 3. g3 Bg7 4. Bg2 O-O 5. d3 c6 6. e4 e5 7. Nge2 d6 8. O-O
Nh5 9. d4 f5 10. dxe5 dxe5 11. Qxd8 Rxd8 12. Bg5 Bf6 13. Bxf6 Nxf6 14. Rad1
Rxd1 15. Rxd1 Bd7 16. b4 Na6 17. a3 Be6 18. c5 Nc7 19. f4 Nd7 20. Rd6 Kf7 21.
exf5 Bxf5 22. fxe5 Nxe5 23. a4 Ne6 24. Nd4 Nxd4 25. Rxd4 Ke7 26. Ne4 Bxe4 27.
Rxe4 Kf6 28. Rf4+ Ke7 29. Re4 Kf6 30. Rf4+
1/2-1/2

[Event "Tromsø Mars-sjakken NGP 2018"]
[Site "Veitasenteret 6.etasje"]
[Date "2018.03.18"]
[Round "6"]
[White "Vestby-Ellingsen, Mads"]
[Black "Røyset, Pål"]
[Result "1/2-1/2"]
[WhiteElo "2194"]
[BlackElo "2281"]
[PlyCount "114"]
[EventDate "2018.??.??"]

1. d4 d5 2. Bf4 c5 3. e3 Nc6 4. c3 Nf6 5. Nd2 cxd4 6. exd4 g6 7. Ngf3 Nh5 8.
Be3 Bg7 9. Be2 O-O 10. Ne5 Bxe5 11. Bxh5 Bg7 12. Be2 Qd6 13. O-O a6 14. a4 Rb8
15. h3 f6 16. c4 Kh8 17. cxd5 Qxd5 18. Bf3 Qf7 19. Nb3 Rd8 20. Rc1 Be6 21. Nc5
Bd5 22. Bxd5 Qxd5 23. Qb3 Qxb3 24. Nxb3 Nb4 25. Rfd1 Nd5 26. Nc5 g5 27. Kf1 Kg8
28. Ke2 Kf7 29. Rc2 Rbc8 30. Rdc1 b6 31. Nd3 Rxc2+ 32. Rxc2 e6 33. a5 Rb8 34.
Rc6 Bf8 35. axb6 Rxb6 36. Rxb6 {(=)} Nxb6 37. Bd2 Nd5 38. f4 h6 39. fxg5 hxg5
40. g3 Kg6 41. Kf3 Bd6 42. Bc1 f5 43. Bd2 Kh5 44. Be1 g4+ 45. hxg4+ fxg4+ 46.
Ke4 Nf6+ 47. Ke3 Kg6 48. Nc5 Nd5+ 49. Ke4 Nf6+ 50. Ke3 Kf5 51. Nxa6 Ne4 52. b4
Nxg3 53. Bxg3 Bxg3 54. b5 Bf4+ 55. Kf2 Ke4 56. b6 Kxd4 57. Nc7 Kc5
1/2-1/2

[Event "Tromsø Mars-sjakken NGP 2018"]
[Site "Veitasenteret 6.etasje"]
[Date "2018.03.18"]
[Round "6"]
[White "Lund, Gunnar"]
[Black "Kvisla, Johannes Luangtep"]
[Result "1/2-1/2"]
[WhiteElo "2114"]
[BlackElo "2231"]
[PlyCount "126"]
[EventDate "2018.??.??"]

1. e4 e5 2. Nf3 Nc6 3. Bc4 Nf6 4. d3 h6 5. O-O d6 6. c3 g5 7. d4 g4 8. Ne1 Nxe4
9. Qe2 d5 10. Bb5 Be6 11. f3 gxf3 12. Nxf3 exd4 13. Nxd4 Bc5 14. Be3 Bxd4 15.
Bxd4 Rg8 16. Nd2 Nxd2 17. Qxd2 Qg5 18. Qf2 a6 19. Bxc6+ bxc6 20. Rad1 Kd7 21.
Bf6 Qg4 22. Qd2 Rae8 23. g3 h5 24. Rf4 Qh3 25. Qf2 Rg4 26. Bd4 Rxf4 27. Qxf4
Rg8 28. Re1 Qg4 29. Qxg4 hxg4 30. b4 a5 31. a3 Ra8 32. Re2 axb4 33. axb4 Ra4
34. Kf2 Kc8 35. Ke3 Kb7 36. Kd2 Ra2+ 37. Kd1 Ra1+ 38. Kc2 Rh1 39. Rf2 Kc8 40.
Kd2 Kd7 41. Be5 Ra1 42. Bd4 Ke8 43. Be5 Ra7 44. Ke3 Kd7 45. Bd4 Ra8 46. Be5 Rg8
47. Kd4 Ra8 48. Ke3 c5 49. bxc5 Kc6 50. Bd4 Rb8 51. Ra2 Rb1 52. Ra6+ Kb7 53.
Ra2 Rb5 54. Ra4 Kc6 55. Rb4 Ra5 56. Rb2 Ra1 57. Kf2 Bf5 58. Ke3 Be4 59. Rd2 Rb1
60. Ra2 Rh1 61. Rb2 Bf3 62. Kf4 Rf1 63. Rf2 Rxf2
1/2-1/2

[Event "Tromsø Mars-sjakken NGP 2018"]
[Site "Veitasenteret 6.etasje"]
[Date "2018.03.18"]
[Round "6"]
[White "Schouten, Mathias Lind"]
[Black "Machlik, Endre"]
[Result "1/2-1/2"]
[WhiteElo "1733"]
[BlackElo "2183"]
[PlyCount "109"]
[EventDate "2018.??.??"]

1. e4 c6 2. d4 d5 3. exd5 cxd5 4. Bf4 Nc6 5. c3 Nf6 6. Nf3 g6 7. Bd3 Bg7 8.
Nbd2 O-O 9. O-O Nh5 10. Bg3 Nxg3 11. hxg3 Rb8 12. a4 a6 13. Qe2 Bg4 14. Rfe1 e5
15. dxe5 Nxe5 16. Bc2 Re8 17. Qf1 Qb6 18. Rab1 Nc6 19. Nh2 Bd7 20. Nhf3 Rxe1
21. Qxe1 Re8 22. Qd1 Bg4 23. Nb3 Rd8 24. Qe1 Bxf3 25. gxf3 Ne5 26. Kg2 Nc4 27.
Qc1 Re8 28. Bd1 h5 29. Nd2 Re1 30. Nxc4 dxc4 31. Qd2 Qe6 32. Bc2 Re2 33. Qd8+
Kh7 34. Bd1 Bf6 35. Qc7 Rd2 36. Qxb7 Qe1 37. Qxf7+ Bg7 38. Qa7 Rxd1 39. Rxd1
Qxd1 40. Qxa6 Qb3 41. Qb5 Qxb5 42. axb5 Kg8 43. f4 Kf7 44. Kf3 Ke6 45. Ke4 Bh6
46. Kd4 Kd6 47. Kxc4 Bxf4 48. Kd4 Bc1 49. b3 Bd2 50. c4 Be1 51. Ke3 Kc5 52. Ke2
Ba5 53. f4 Kd4 54. Kf3 Bb6 55. f5
1/2-1/2

[Event "Tromsø Mars-sjakken NGP 2018"]
[Site "Veitasenteret 6.etasje"]
[Date "2018.03.18"]
[Round "6"]
[White "Hanssen, Gunnar Berg"]
[Black "Jæger, Frode Bull"]
[Result "1-0"]
[WhiteElo "2135"]
[BlackElo "2107"]
[PlyCount "67"]
[EventDate "2018.??.??"]

1. Nf3 Nf6 2. b3 g6 3. Bb2 Bg7 4. e3 O-O 5. Be2 d6 6. c4 e5 7. d3 Nbd7 8. O-O
c6 9. Nbd2 Ne8 10. Qc2 f5 11. Ne1 Qe7 12. b4 g5 13. b5 Rf6 14. bxc6 bxc6 15.
Bf3 Nb8 16. g3 Rh6 17. Bg2 Qf7 18. f4 Qh5 19. h3 Qe2 20. Rf3 g4 21. Bf1 gxf3
22. Bxe2 fxe2 23. Ndf3 exf4 24. Bxg7 Nxg7 25. gxf4 Rxh3 26. Qxe2 Rg3+ 27. Kf2
Rg6 28. Nd4 Bd7 29. Rb1 Na6 30. Qf3 Rb8 31. Rxb8+ Nxb8 32. Qd1 Rf6 33. Qa4 a6
34. Qb4
1-0

[Event "Tromsø Mars-sjakken NGP 2018"]
[Site "Veitasenteret 6.etasje"]
[Date "2018.03.18"]
[Round "6"]
[White "Berglund, Jan S."]
[Black "Remman, Frank"]
[Result "1-0"]
[WhiteElo "2042"]
[BlackElo "1869"]
[PlyCount "61"]
[EventDate "2018.??.??"]

1. e4 c5 2. Nc3 Nc6 3. g3 g6 4. Bg2 Bg7 5. Nge2 d6 6. O-O Nf6 7. a3 Rb8 8. f4
Bd7 9. h3 O-O 10. Kh2 b5 11. g4 Ne8 12. d3 a5 13. Ng3 Nc7 14. Nce2 a4 15. c3
Na5 16. Be3 Nb3 17. Rb1 Na8 18. Qe1 Nb6 19. Qf2 Bc6 20. f5 Qc7 21. Bf4 Be5 22.
Bh6 Bg7 23. Bxg7 Kxg7 24. f6+ exf6 25. Qxf6+ Kg8 26. Nf5 gxf5 27. Rxf5 h6 28.
Rbf1 Rb7 29. Qxh6 f6 30. Rg5+ Kf7 31. Rxf6+
1-0

[Event "Tromsø Mars-sjakken NGP 2018"]
[Site "Veitasenteret 6.etasje"]
[Date "2018.03.18"]
[Round "6"]
[White "Mikalsen, Bengt Arne"]
[Black "Roksvold, Jan"]
[Result "1/2-1/2"]
[WhiteElo "1762"]
[BlackElo "1960"]
[Annotator "RV-H"]
[PlyCount "113"]
[EventDate "2018.??.??"]

1. d4 Nf6 2. c4 c5 3. d5 e5 4. Nc3 d6 5. e4 Be7 6. Bd3 Nbd7 7. Nge2 Nf8 8. Bc2
Ng6 9. Ba4+ Kf8 10. O-O h6 11. Ng3 Nh7 12. a3 Bg5 13. b4 Bxc1 14. Qxc1 b6 15.
Qe3 a6 16. Nge2 Kg8 17. bxc5 bxc5 18. Rab1 Nf6 19. Rb3 Kh7 20. Rfb1 Nh5 21. Bc6
Ra7 22. g3 Qa5 23. f4 Qc7 24. f5 Ne7 25. Ba4 {(=)} g5 26. Qf3 Nf6 27. g4 Bd7
28. Bxd7 Nxd7 29. Ng3 Rb8 30. Nce2 Rab7 31. Qc3 Rxb3 32. Rxb3 Rxb3 33. Qxb3 Qb6
34. Nc1 Ng8 35. Kf2 Ngf6 36. h3 Kg7 37. Ke3 Kf8 38. Kd3 Ke8 39. Kc2 Kd8 40. Qa4
Kc8 41. Nb3 Nb8 42. Na5 Kd8 43. Nb3 Ke7 44. Qa5 Qxa5 45. Nxa5 Kd7 46. Kd3 Kc7
47. Kc3 Kb6 48. Nb3 a5 49. Nd2 a4 50. Kb2 Nbd7 {Noteringsskjema presiserer
ikke hvilken springer som går til d7, men her spiller det kanskje mindre
rolle?} 51. Kc2 Kc7 52. Kd3 Nb6 53. Nb1 Nbd7 54. Nc3 Nb6 55. Nb5+ Kd7 56. Nc3
Kc7 57. Nb5+
1/2-1/2

[Event "Tromsø Mars-sjakken NGP 2018"]
[Site "Veitasenteret 6.etasje"]
[Date "2018.03.18"]
[Round "7"]
[White "Røyset, Pål"]
[Black "Hanssen, Gunnar Berg"]
[Result "1-0"]
[WhiteElo "2281"]
[BlackElo "2135"]
[PlyCount "83"]
[EventDate "2018.??.??"]

1. e4 c6 2. Nf3 d5 3. Nc3 dxe4 4. Nxe4 Nf6 5. Nxf6+ gxf6 6. d4 Bf5 7. g3 e6 8.
Bg2 Nd7 9. O-O Bd6 10. Nh4 Bg6 11. c4 O-O 12. f4 f5 13. d5 Nf6 14. Be3 exd5 15.
cxd5 Ng4 16. Bd4 c5 17. Bc3 Ne3 18. Qd3 Nxf1 19. Rxf1 Be7 20. Nxf5 Bf6 21. g4
Bxc3 22. Nh6+ Kg7 23. Qxc3+ Qf6 24. Qxf6+ Kxf6 25. g5+ Ke7 26. f5 Bh5 27. f6+
Kd6 28. Nf5+ Kd7 29. Ng7 Bg6 30. Re1 c4 31. h4 b5 32. Kf2 Kd6 33. h5 Bd3 34.
Re7 b4 35. Ke3 Rac8 36. Kd4 Bb1 37. Bh3 Rcd8 38. Rxa7 c3 39. bxc3 bxc3 40. Bf5
c2 41. Be4 c1=Q 42. Nf5#
1-0

[Event "Tromsø Mars-sjakken NGP 2018"]
[Site "Veitasenteret 6.etasje"]
[Date "2018.03.18"]
[Round "7"]
[White "Kvisla, Johannes Luangtep"]
[Black "Machlik, Endre"]
[Result "1-0"]
[WhiteElo "2231"]
[BlackElo "2183"]
[PlyCount "37"]
[EventDate "2018.??.??"]

1. d4 Nf6 2. Bf4 d5 3. e3 Bg4 4. Nf3 e6 5. c4 Be7 6. Qb3 Qc8 7. Ne5 Bf5 8. Nc3
c6 9. h3 O-O 10. g4 Be4 11. f3 Bg6 12. h4 dxc4 13. Bxc4 Nd5 14. Bxd5 cxd5 15.
h5 f6 16. Nxg6 hxg6 17. hxg6 Nc6 18. Qc2 Qe8 19. Rh8+
1-0

[Event "Tromsø Mars-sjakken NGP 2018"]
[Site "Veitasenteret 6.etasje"]
[Date "2018.03.18"]
[Round "7"]
[White "Jæger, Frode Bull"]
[Black "Vestby-Ellingsen, Mads"]
[Result "1/2-1/2"]
[WhiteElo "2107"]
[BlackElo "2194"]
[PlyCount "59"]
[EventDate "2018.??.??"]

1. d4 Nf6 2. c4 e6 3. Nf3 b6 {(=)} 4. g3 Ba6 5. b3 Bb4+ 6. Bd2 Bxd2+ 7. Qxd2 c6
8. Bg2 d5 9. O-O O-O 10. Rc1 Qe7 11. a4 Nbd7 12. a5 Rfc8 13. axb6 axb6 14. Ne5
Nxe5 15. dxe5 Nd7 16. cxd5 exd5 17. Bxd5 Nxe5 18. Bg2 Bb7 19. Rxa8 Bxa8 20. Nc3
c5 21. Bxa8 Rxa8 22. Rd1 h6 23. Na4 Rb8 24. Qd6 Qxd6 25. Rxd6 c4 26. f4 b5 27.
fxe5 bxa4 28. bxa4 Ra8 29. Kf2 Rxa4 30. Rd7
1/2-1/2

[Event "Tromsø Mars-sjakken NGP 2018"]
[Site "Veitasenteret 6.etasje"]
[Date "2018.03.18"]
[Round "7"]
[White "Mikalsen, Bengt Arne"]
[Black "Lund, Gunnar"]
[Result "0-1"]
[WhiteElo "1762"]
[BlackElo "2114"]
[PlyCount "66"]
[EventDate "2018.??.??"]

1. d4 Nf6 2. Bf4 d5 3. Nf3 c5 4. dxc5 Nc6 5. e3 Bg4 6. Be2 e6 7. Nbd2 Bxc5 8.
O-O O-O 9. c3 h6 10. Qc2 Nh5 11. h3 Nxf4 12. exf4 Bh5 13. g3 Rc8 14. Nb3 Bb6
15. Nh4 Bxe2 16. Qxe2 Re8 17. Rfe1 e5 18. fxe5 Nxe5 19. Kg2 Re6 20. Qd1 Rc4 21.
Nd4 Bxd4 22. cxd4 Nc6 23. Rxe6 fxe6 24. Qg4 Qf6 25. Nf3 Nxd4 26. Nxd4 Rxd4 27.
Qf3 Rd2 28. Qxf6 gxf6 29. Rb1 Kf7 30. Kf3 e5 31. Ke3 Rc2 32. f3 Ke6 33. h4 f5
0-1

[Event "Tromsø Mars-sjakken NGP 2018"]
[Site "Veitasenteret 6.etasje"]
[Date "2018.03.18"]
[Round "7"]
[White "Roksvold, Jan"]
[Black "Berglund, Jan S."]
[Result "1-0"]
[WhiteElo "1960"]
[BlackElo "2042"]
[Annotator "RV-H"]
[PlyCount "85"]
[EventDate "2018.??.??"]

1. Nf3 f5 2. d3 d5 3. g3 Nf6 4. Bg2 c5 5. O-O Nc6 6. Nc3 d4 7. Nb1 e5 8. e3 Bd6
9. exd4 cxd4 10. Nbd2 {Noteringsskjemaet presiserer ikke hvilken springer som
går til d2, men partifortsettelsen antyder teksttrekket se hvits 23 trekk).}
O-O 11. Re1 Re8 12. a4 Bc7 13. b3 Nd5 14. Nc4 Nc3 15. Qd2 Bd7 16. Bb2 b5 17.
axb5 Nxb5 18. Re2 Rc8 19. Rae1 Qf6 20. Qg5 h6 21. Qxf6 gxf6 22. Bh3 Nd6 23. Nh4
Nxc4 24. bxc4 Rb8 25. Bc1 Ba5 26. Rf1 Ne7 27. Bxh6 Kf7 28. Ra1 Bb6 29. Bc1 Rh8
30. Ba3 Rxh4 31. gxh4 Rg8+ 32. Kf1 Ng6 33. Bg2 e4 34. Bd6 Nxh4 35. c5 Nxg2 36.
cxb6 axb6 37. dxe4 fxe4 38. Ra7 Ke6 {(=)} 39. Rxd7 Kxd7 40. Bg3 f5 41. Kxg2 f4
42. Re1 fxg3 43. Rd1
1-0

[Event "Tromsø Mars-sjakken NGP 2018"]
[Site "Veitasenteret 6.etasje"]
[Date "2018.03.18"]
[Round "7"]
[White "Remman, Frank"]
[Black "Schouten, Mathias Lind"]
[Result "1-0"]
[WhiteElo "1869"]
[BlackElo "1733"]
[PlyCount "51"]
[EventDate "2018.??.??"]

1. d4 c5 2. c3 cxd4 3. cxd4 g6 4. Nc3 Bg7 5. e4 d6 6. Bc4 Nf6 7. Nge2 O-O 8.
O-O e5 9. Kh1 Nc6 10. f3 a6 11. Bb3 Nh5 12. Be3 Kh8 13. Qd2 f5 14. Rad1 Qe7 15.
Nd5 Qd8 16. dxe5 dxe5 17. Bc5 Re8 18. Bb6 Qh4 19. g3 Qh3 20. Nc7 Bh6 21. Qe1
Rf8 22. Ng1 Nxg3+ 23. Qxg3 Qxg3 24. hxg3 Rb8 25. Bc5 Rf6 26. Ne8
1-0